000 00542nam a2200193Ia 4500
005 20230420170813.0
008 230125s9999 xx 000 0 und d
020 _a81-293-0063-X
041 _aeng
082 _a823
_bSWA
100 _aSwami Ramsukhdas
_9116045
245 _aSrimad Bhagavadgita
_bSadhaka-Sanjivani [with Appendix] Vol.1
260 _bGita Press
_aGorakhpur
300 _a1035 p
500 _aEnglish Literature
650 _aEnglish Literature
700 _aSwami Ramsukhdas & S.D.Tupe, Donor
_9116046
942 _cDB
999 _c93748
_d93748